Informalidad laboral en Argentina (Registro nro. 3859)
[ vista simple ]
| 000 -LEADER | |
|---|---|
| fixed length control field | 01403 a2200265 4500 |
| 001 - CONTROL NUMBER | |
| control field | 44920 |
| 005 - DATE AND TIME OF LATEST TRANSACTION | |
| control field | 20260407155724.0 |
| 008 - FIXED-LENGTH DATA ELEMENTS--GENERAL INFORMATION | |
| fixed length control field | 260407a2014 arg spa d |
| 003 - CONTROL NUMBER IDENTIFIER | |
| control field | AR-UNSa-BCEJYS |
| 040 ## - CATALOGING SOURCE | |
| Original cataloging agency | AR-UNSa-BCEJYS |
| Language of cataloging | spa |
| Transcribing agency | AR-UNSa-BCEJYS |
| 080 ## - UNIVERSAL DECIMAL CLASSIFICATION NUMBER | |
| Universal Decimal Classification number | 331.5 |
| Common auxiliary subdivision | Mercado de Trabajo. Empleo |
| 020 ## - INTERNATIONAL STANDARD BOOK NUMBER | |
| International Standard Book Number | 978-92-2-328288-2 |
| 041 ## - LANGUAGE CODE | |
| Language code of text/sound track or separate title | spa |
| 100 1# - MAIN ENTRY--PERSONAL NAME | |
| Personal name | Casanova, Luis |
| 245 10 - TITLE STATEMENT | |
| Title | Informalidad laboral en Argentina |
| Name of part/section of a work | segmentos críticos y políticas para la formalización |
| 250 ## - EDITION STATEMENT | |
| Edition statement | 2a. ed. |
| 264 #1 - PRODUCTION, PUBLICATION, DISTRIBUTION, MANUFACTURE, AND COPYRIGHT NOTICE | |
| Place of production, publication, distribution, manufacture | Buenos Aires : |
| Name of producer, publisher, distributor, manufacturer | OIT |
| Date of production, publication, distribution, manufacture, or copyright notice | 2014 |
| 300 ## - PHYSICAL DESCRIPTION | |
| Extent | 155 p. |
| Dimensions | 25 cm. |
| 505 ## - FORMATTED CONTENTS NOTE | |
| Formatted contents note | 1. Introducción - 2. El empleo informal: Concepto, fuentes de información y una aproximación a su extensión en Argentina - 3. Evolución del empleo asalariado no registrado durante el periodo 2003-2012 - 4. Estructura de ingresos de los asalariados no registrados - 5. Segmentos del mercado de trabajo de elevada informalidad - 6. Estrategias y políticas para la formalización y la extensión de la cobertura de la protección social a familias en la economía informal - 7. Reflexiones finales y desafíos para reducir la informalidad laboral - |
| 590 ## - LOCAL NOTE (RLIN) | |
| Local note | niveau_biblio:m niveau_hierar:0 |
| 700 1# - ADDED ENTRY--PERSONAL NAME | |
| Personal name | Bertranou, Fabio M. |
| 700 1# - ADDED ENTRY--PERSONAL NAME | |
| Personal name | Oficina Internacional del Trabajo |
| 856 41 - ELECTRONIC LOCATION AND ACCESS | |
| Uniform Resource Identifier | <a href="https://www.biblioeco.unsa.edu.ar/pmb/images/libros/L127043.jpg">https://www.biblioeco.unsa.edu.ar/pmb/images/libros/L127043.jpg</a> |
| Link text | Imagen de portada |
| Electronic format type | image/jpeg |
| 942 ## - ADDED ENTRY ELEMENTS (KOHA) | |
| Koha item type | |
| Withdrawn status | Lost status | Damaged status | Not for loan | Home library | Current library | Shelving location | Date acquired | Total checkouts | Full call number | Barcode | Date last seen | Price effective from | Koha item type |
|---|---|---|---|---|---|---|---|---|---|---|---|---|---|
| Biblioteca Prof. Eusebio Cleto del Rey | Biblioteca Prof. Eusebio Cleto del Rey | 07/04/2026 | 331.5 B548 | L127043 | 07/04/2026 | 07/04/2026 | Libro |